Economía
محفوظ في:
| المؤلفون الرئيسيون: | , |
|---|---|
| التنسيق: | كتاب |
| اللغة: | الإسبانية |
| منشور في: |
Madrid
McGraw-Hill
1992
|
| الطبعة: | 3a. ed |
| الموضوعات: | |
| الوسوم: |
إضافة وسم
لا توجد وسوم, كن أول من يضع وسما على هذه التسجيلة!
|
MARC
| LEADER | 00000nam a2200000 a 4500 | ||
|---|---|---|---|
| 001 | UCX5306 | ||
| 003 | CL-VaPUC | ||
| 008 | 921021e19920000SP |||||||||||||||||spa|d | ||
| 020 | |a 8476158106 | ||
| 082 | 0 | 4 | |a 330 |b WON |2 21 |
| 100 | 0 | |a Wonnacott, Paul |e author |9 321581 | |
| 700 | 0 | |a Wonnacott, Ronald J |e author |9 321582 | |
| 245 | 1 | 0 | |a Economía |
| 250 | |a 3a. ed | ||
| 300 | |a 995 p | ||
| 942 | |c BK | ||
| 945 | |d 19921021 00:00:00 |a mfernand | ||
| 260 | |a Madrid |b McGraw-Hill |c 1992 | ||
| 650 | 0 | |a Economía internacional |9 258254 | |
| 650 | 0 | |a Microeconomía |9 258126 | |
| 650 | 0 | |a Política monetaria |9 258279 | |
| 650 | 0 | |a Macroeconomía |9 260301 | |
| 583 | |a last modification |c 19921021 00:00:00 |k Rodrigo Vera | ||
| 999 | |c 225595 |d 225593 | ||
| 952 | |0 0 |1 0 |4 0 |6 330_000000000000000_WON_1992 |7 0 |8 A |9 223235 |a BIBING |b BIBING |d 2019-11-15 |i 2973774 |o 330 WON 1992 |p 2973774 |r 2025-01-20 |w 2019-11-15 |y BK |k EIE | ||
| 952 | |0 0 |1 0 |4 0 |6 330_000000000000000_WON_1992 |7 0 |8 A |9 223236 |a BIBING |b BIBING |d 2019-11-15 |i 2980738 |o 330 WON 1992 |p 2980738 |r 2025-01-20 |w 2019-11-15 |y BK |k GEO | ||
| 952 | |0 0 |1 0 |4 0 |6 330_000000000000000_WON_1992 |7 0 |8 A |9 223237 |a BIBENE |b BIBENE |d 2019-11-15 |i 2992647 |o 330 WON 1992 |p 2992647 |r 2025-01-15 |w 2019-11-15 |y BK |k ICO | ||
| 952 | |0 0 |1 0 |4 0 |6 330_000000000000000_WON_1992 |7 0 |8 A |9 223238 |a BIBENE |b BIBENE |d 2019-11-15 |i 2992655 |o 330 WON 1992 |p 2992655 |r 2025-01-15 |w 2019-11-15 |y BK |k ICO | ||
| 952 | |0 0 |1 0 |4 0 |6 330_000000000000000_WON_1992 |7 0 |8 A |9 223239 |a BIBENE |b BIBENE |d 2019-11-15 |i 2992663 |o 330 WON 1992 |p 2992663 |r 2025-01-15 |w 2019-11-15 |y BK |k ICO | ||
| 952 | |0 0 |1 0 |4 0 |6 330_000000000000000_WON_1992 |7 0 |8 A |9 223240 |a BIBING |b BIBING |d 2019-11-15 |i 2994410 |o 330 WON 1992 |p 2994410 |r 2025-01-20 |w 2019-11-15 |y BK |k ING | ||
| 952 | |0 0 |1 0 |4 0 |6 330_000000000000000_WON_1992 |7 0 |8 A |9 223241 |a BIBCUR |b BIBCUR |d 2019-11-15 |i 3049701 |o 330 WON 1992 |p 3049701 |r 2025-04-22 |w 2019-11-15 |y BK |k PER | ||
| 952 | |0 0 |1 0 |4 0 |6 330_000000000000000_WON_1992 |7 0 |8 A |9 223242 |a BIBDER |b BIBDER |d 2019-11-15 |i 3176959 |o 330 WON 1992 |p 3176959 |r 2023-01-25 |w 2019-11-15 |y BK |k DER | ||
| 952 | |0 0 |1 0 |4 0 |6 330_000000000000000_WON_1992 |7 0 |8 A |9 223243 |a BIBING |b BIBING |d 2019-11-15 |i 1722166 |o 330 WON 1992 |p 1722166 |r 2025-01-20 |w 2019-11-15 |y BK |k ING | ||
| 952 | |0 0 |1 0 |4 0 |6 330_000000000000000_WON_1992 |7 0 |8 A |9 223244 |a BIBING |b BIBING |d 2019-11-15 |i 3260054 |o 330 WON 1992 |p 3260054 |r 2025-01-20 |w 2019-11-15 |y BK |k CCL | ||
| 952 | |0 0 |1 0 |4 0 |6 330_000000000000000_WON_1992 |7 0 |8 A |9 223245 |a BIBING |b BIBING |d 2019-11-15 |i 3260186 |o 330 WON 1992 |p 3260186 |r 2025-01-20 |w 2019-11-15 |y BK |k CCL | ||
| 952 | |0 0 |1 0 |4 0 |6 330_000000000000000_WON_1992 |7 0 |8 A |9 223246 |a BIBING |b BIBING |d 2019-11-15 |i 3346579 |o 330 WON 1992 |p 3346579 |r 2025-01-20 |w 2019-11-15 |y BK |k ING | ||
| 952 | |0 0 |1 0 |4 0 |6 330_000000000000000_WON_1992 |7 0 |8 A |9 223247 |a BIBING |b BIBING |d 2019-11-15 |i 334715K |o 330 WON 1992 |p 334715K |r 2025-01-20 |w 2019-11-15 |y BK |k ING | ||
| 952 | |0 0 |1 0 |4 0 |6 330_000000000000000_WON_1992 |7 0 |8 A |9 223248 |a BIBING |b BIBING |d 2019-11-15 |i 3347168 |o 330 WON 1992 |p 3347168 |r 2025-01-20 |w 2019-11-15 |y BK |k ING | ||
| 952 | |0 0 |1 0 |4 0 |6 330_000000000000000_WON_1992 |7 0 |8 A |9 223249 |a BIBGIM |b BIBGIM |d 2019-11-15 |i 3432084 |o 330 WON 1992 |p 3432084 |r 2025-01-15 |w 2019-11-15 |y BK |k GIM | ||
| 952 | |0 0 |1 0 |4 0 |6 330_000000000000000_WON_1992 |7 0 |8 A |9 223250 |a BIBGIM |b BIBGIM |d 2019-11-15 |i 3432092 |o 330 WON 1992 |p 3432092 |r 2025-01-15 |w 2019-11-15 |y BK |k GIM | ||
| 952 | |0 0 |1 0 |4 0 |6 330_000000000000000_WON_1992 |7 0 |8 A |9 223251 |a BIBGIM |b BIBGIM |d 2019-11-15 |i 3432106 |o 330 WON 1992 |p 3432106 |r 2025-01-15 |w 2019-11-15 |y BK |k GIM | ||
| 952 | |0 0 |1 0 |4 0 |6 330_000000000000000_WON_1992 |7 0 |8 A |9 223252 |a BIBGIM |b BIBGIM |d 2019-11-15 |i 3432114 |l 2 |o 330 WON 1992 |p 3432114 |r 2025-01-15 |s 2024-10-09 |w 2019-11-15 |y BK |k GIM | ||
| 952 | |0 0 |1 0 |4 0 |6 330_000000000000000_WON_1992 |7 0 |8 A |9 223253 |a BIBGIM |b BIBGIM |d 2019-11-15 |i 3432122 |o 330 WON 1992 |p 3432122 |r 2025-01-15 |w 2019-11-15 |y BK |k GIM | ||
| 952 | |0 0 |1 0 |2 ddc |4 0 |6 330_000000000000000_WON_1992 |7 0 |8 A |9 223258 |a BIBALI |b BIBALI |c GEN |d 2019-11-15 |i 3631435 |o 330 WON 1992 |p 3631435 |r 2025-01-20 |w 2019-11-15 |y BK |k ALI | ||
| 952 | |0 0 |1 0 |2 ddc |4 0 |6 330_000000000000000_WON_1992 |7 0 |8 A |9 223259 |a BIBALI |b BIBALI |c GEN |d 2019-11-15 |i 3633004 |o 330 WON 1992 |p 3633004 |r 2025-01-20 |w 2019-11-15 |y BK |k ALI | ||
| 952 | |0 0 |1 0 |4 0 |6 330_000000000000000_WON_1992 |7 0 |8 A |9 223261 |a BIBGIM |b BIBGIM |d 2019-11-15 |i 3679438 |o 330 WON 1992 |p 3679438 |r 2025-01-15 |w 2019-11-15 |y BK |k COM | ||
| 952 | |0 0 |1 0 |4 0 |6 330_000000000000000_WON_1992 |7 0 |8 A |9 223262 |a BIBGIM |b BIBGIM |d 2019-11-15 |i 3679446 |o 330 WON 1992 |p 3679446 |r 2025-01-15 |w 2019-11-15 |y BK |k COM | ||
| 952 | |0 0 |1 0 |4 0 |6 330_000000000000000_WON_1992 |7 0 |8 A |9 223263 |a BIBING |b BIBING |d 2019-11-15 |i 3955648 |o 330 WON 1992 |p 3955648 |r 2025-01-20 |w 2019-11-15 |y BK |k EIQ | ||